000 00505nam a2200157Ia 4500
008 240729s9999 xx 000 0 und d
022 _a2406-0364
245 0 _aJournal of Regional Security
260 _aSerbia
260 _bUniversity of Belgrade - Faculty of Political Sciences and Belgrade Centre for Security Policy
650 _a Political science (General)
650 _aPolitical science
856 _uhttps://doaj.org/toc/597eb17135b540c08b5308a3d3bef478
942 _2ddc
942 _cDOAJEJ
999 _c69140
_d69140
945 _a1
_bMadushi Gamage
_c1
_dMadushi Gamage